[Event "3rd International Chess Festival Sport "]
[Site "Paracin"]
[Date "2010.07.09"]
[Round "1.1"]
[White "Jovanovic Miroslav O"]
[Black "Kryakvin Dmitry"]
[Result "0-1"]
[WhiteElo "2142"]
[BlackElo "2603"]
[Annotator "Milojevic,Boban"]
[PlyCount "100"]
[EventDate "2010.??.??"]
[TimeControl "5400"]

1. d4 Nf6 2. c4 g6 3. Nc3 Bg7 4. e4 d6 5. f3 O-O 6. Be3 b6 7. Qd2 c5 8. d5 e6
9. Bd3 Nbd7 10. Nge2 Ne5 11. O-O exd5 12. exd5 Re8 13. Bg5 h6 14. Bh4 a6 15. a4
Ra7 16. Rae1 Rae7 17. b3 g5 18. Bf2 Nh5 19. Qc2 Nxd3 20. Qxd3 f5 21. Qc2 Re5
22. g3 Qf6 23. Nc1 Bd7 24. Nd1 b5 25. axb5 axb5 26. Nd3 Rxe1 27. Rxe1 bxc4 28.
Rxe8+ Bxe8 29. bxc4 Qa1 30. Qe2 Bg6 31. Kg2 Kh7 32. N3b2 Nf6 33. Be1 g4 34. f4
Ne4 35. Nd3 Bd4 36. N3f2 h5 37. Nxe4 fxe4 38. Bf2 Qb1 39. Be3 Qb3 40. Kf2 Bf5
41. Kg2 Kg6 42. Kf2 Kf7 43. h3 Ke7 44. h4 Kd7 45. Kg2 Kc7 46. Kh2 Bd7 47. Bd2
Qf3 48. Qxf3 exf3 49. Nc3 Bxc3 50. Bxc3 Bf5 0-1

[Event "3rd International Chess Festival Sport "]
[Site "Paracin"]
[Date "2010.07.09"]
[Round "1.1"]
[White "Damljanovic Branko"]
[Black "Trickovic Vladimir"]
[Result "1-0"]
[WhiteElo "2541"]
[BlackElo "2141"]
[Annotator "Milojevic,Boban"]
[PlyCount "75"]
[EventDate "2010.??.??"]
[TimeControl "5400"]

1. d4 Nf6 2. c4 c5 3. d5 e6 4. Nc3 exd5 5. cxd5 d6 6. e4 g6 7. f4 Bg7 8. Bb5+
Nfd7 9. Bd3 O-O 10. Nf3 Re8 11. O-O a6 12. a4 Nf6 13. Kh1 c4 14. Bc2 Bg4 15. h3
Bxf3 16. Qxf3 Nbd7 17. Be3 b6 18. Rae1 Qc7 19. Bd4 Rab8 20. Na2 b5 21. Nb4 Ra8
22. axb5 axb5 23. e5 dxe5 24. fxe5 Nxe5 25. Bxe5 Rxe5 26. d6 Qxd6 27. Qxa8+ Bf8
28. Rxe5 Qxe5 29. Qf3 Bd6 30. g3 Nh5 31. Nc6 Nxg3+ 32. Kg2 Qe8 33. Rd1 Bc7 34.
Ra1 Kg7 35. Ra7 Bd6 36. Nd8 Qxd8 37. Qxf7+ Kh6 38. Qxh7+ 1-0

[Event "3rd International Chess Festival Sport "]
[Site "Paracin"]
[Date "2010.07.09"]
[Round "1.1"]
[White "Pavlov Sergey"]
[Black "Osmanovic Faruk"]
[Result "1-0"]
[WhiteElo "2524"]
[BlackElo "2140"]
[PlyCount "112"]
[EventDate "2010.??.??"]

1. e4 c5 2. Nf3 d6 3. d4 cxd4 4. Nxd4 Nf6 5. Nc3 a6 6. Bg5 e6 7. Qf3 Nbd7 8.
O-O-O Qc7 9. Qg3 b5 10. Bxb5 axb5 11. Ndxb5 Qa5 12. b4 Qxb4 13. Nc7+ Kd8 14.
Nxa8 Qa3+ 15. Kb1 Qxa8 16. Ka1 h6 17. Bxf6+ Nxf6 18. Rd4 Ne8 19. Rhd1 Bd7 20.
e5 g5 21. Ne4 Bg7 22. Nxd6 Ke7 23. Nxf7 Bc6 24. Nxh8 Bxh8 25. f4 Qa5 26. Qe1
Qxe1 27. Rxe1 gxf4 28. Rxf4 Nd6 29. Kb1 Nf7 30. Rc4 Kd7 31. Rc5 Kc7 32. Rf1
Nxe5 33. Rf8 Bg7 34. Rg8 Bf6 35. g4 Kd6 36. Rc3 Be4 37. Rh3 Bh7 38. Rxh6 Bxg8
39. Rxf6 Ke7 40. Rf4 Ng6 41. Rb4 e5 42. a4 Bd5 43. Kc1 e4 44. Kd2 Ne5 45. h3
Kd6 46. Ke3 Nd7 47. a5 Nc5 48. a6 Kc7 49. a7 Bb7 50. g5 Ne6 51. g6 Ng7 52. Rb5
Kc6 53. Ra5 Ba8 54. h4 Kb6 55. Re5 Bb7 56. h5 Nf5+ 1-0

[Event "3rd International Chess Festival Sport "]
[Site "Paracin"]
[Date "2010.07.09"]
[Round "1.1"]
[White "Kolbert Engelbert"]
[Black "Lathajm Borko"]
[Result "0-1"]
[WhiteElo "2129"]
[BlackElo "2493"]
[Annotator "Milojevic,Boban"]
[PlyCount "128"]
[EventDate "2010.??.??"]
[TimeControl "5400"]

1. e4 d5 2. exd5 Qxd5 3. Nc3 Qd6 4. d4 Nf6 5. Nf3 a6 6. Bc4 b5 7. Bb3 e6 8. Bg5
Bb7 9. O-O c5 10. dxc5 Qxd1 11. Raxd1 Nbd7 12. c6 Bxc6 13. Nd4 Bb7 14. Rfe1
O-O-O 15. a4 b4 16. Nce2 Nc5 17. c3 bxc3 18. bxc3 e5 19. Bxf7 exd4 20. Rxd4
Rxd4 21. cxd4 Nce4 22. Be6+ Kb8 23. Be3 Bb4 24. Rb1 a5 25. f3 Nd6 26. Bf4 Rd8
27. Be5 Ka8 28. Nf4 Nde8 29. Nd3 Bd5 30. Bh3 Bc3 31. Rb6 Bc4 32. Nb2 Bxd4+ 33.
Bxd4 Rxd4 34. Nxc4 Rxc4 35. Ra6+ Kb7 36. Rxa5 Kb6 37. Ra8 Rc5 38. Kf2 Kb7 39.
Rd8 Rc4 40. a5 Rc5 41. a6+ Kxa6 42. Rb8 Ka7 43. Rb3 Nc7 44. Ke3 Nb5 45. Rb2 Kb6
46. g3 Kc6 47. f4 Nd6 48. Ra2 Rc3+ 49. Kf2 Nde4+ 50. Kg2 Kd6 51. Ra6+ Rc6 52.
Rxc6+ Kxc6 53. Be6 Kd6 54. Ba2 Kc5 55. Kf3 Kd4 56. h3 Nd2+ 57. Kf2 Nfe4+ 58.
Kg2 Ke3 59. Bg8 Nf6 60. Bf7 Nde4 61. f5 h5 62. Bb3 Nd6 63. Bc2 h4 64. gxh4 Kf4
0-1

[Event "3rd International Chess Festival Sport "]
[Site "Paracin"]
[Date "2010.07.09"]
[Round "1.1"]
[White "Abramovic Bosko"]
[Black "Zlatanovic Zoran"]
[Result "1-0"]
[WhiteElo "2491"]
[BlackElo "2128"]
[Annotator "Milojevic,Boban"]
[PlyCount "57"]
[EventDate "2010.??.??"]
[TimeControl "5400"]

1. d4 Nf6 2. c4 e6 3. Nf3 c5 4. d5 exd5 5. cxd5 d6 6. Nc3 g6 7. g3 Bg7 8. Bg2
O-O 9. O-O a6 10. a4 Nbd7 11. Bf4 Qe7 12. Re1 Ng4 13. Bg5 f6 14. Bd2 Rb8 15.
Rb1 Nge5 16. Qc1 Re8 17. b4 b6 18. bxc5 bxc5 19. Rxb8 Nxb8 20. Nxe5 fxe5 21.
Ne4 Qc7 22. Qc4 Nd7 23. Rb1 Bb7 24. Nxd6 Qxd6 25. Rxb7 e4 26. Bf4 Be5 27. Qxe4
Nf6 28. Bxe5 Rxe5 29. Qc4 1-0

[Event "3rd International Chess Festival Sport "]
[Site "Paracin"]
[Date "2010.07.09"]
[Round "1.1"]
[White "Baciu Diana"]
[Black "Stanojoski Zvonko"]
[Result "1/2-1/2"]
[WhiteElo "2127"]
[BlackElo "2487"]
[Annotator "Milojevic,Boban"]
[PlyCount "126"]
[EventDate "2010.??.??"]
[TimeControl "5400"]

1. e4 c5 2. c3 Qa5 3. Nf3 Nc6 4. Be2 Nf6 5. d3 d5 6. exd5 Nxd5 7. d4 e6 8. O-O
cxd4 9. Nxd4 Be7 10. Nb3 Qc7 11. c4 Nf6 12. Be3 O-O 13. Nc3 Rd8 14. Qc1 Bd7 15.
Nb5 Qb8 16. h3 a6 17. Nc3 Ne5 18. Qc2 Rc8 19. c5 Ng6 20. Rfd1 Qc7 21. Rac1 Bc6
22. Bf1 Qe5 23. Bd4 Qh5 24. Ne2 Bd5 25. Ng3 Qh4 26. Bc4 Bxg2 27. Bxf6 Bxf6 28.
Kxg2 Bg5 29. Rb1 Nf4+ 30. Kg1 Nxh3+ 31. Kg2 Nf4+ 32. Kg1 Bf6 33. Bf1 Nh5 34.
Qe4 Qg5 35. Rd3 Rab8 36. Qe3 Nf4 37. Rdd1 h5 38. Kh1 Qh4+ 39. Kg1 Qg4 40. Be2
Qg5 41. Bxh5 g6 42. Bf3 Kg7 43. Kf1 Rh8 44. Ke1 Rh2 45. Nd2 Rxf2 46. Kxf2 Nh3+
47. Ke2 Qxg3 48. Rh1 Rh8 49. Ne4 Qe5 50. Nxf6 Qxf6 51. Bxb7 Nf4+ 52. Kd2 Rd8+
53. Kc2 Rd3 54. Qxd3 Nxd3 55. Kxd3 Qf5+ 56. Kc4 Qf4+ 57. Kc3 Qe3+ 58. Kc4 Qe2+
59. Kc3 Qb5 60. c6 Qc5+ 61. Kb3 Qb5+ 62. Kc3 Qc5+ 63. Kb3 Qb5+ 1/2-1/2

[Event "3rd International Chess Festival Sport "]
[Site "Paracin"]
[Date "2010.07.09"]
[Round "1.1"]
[White "Savic Miodrag R"]
[Black "Milenkovic Blagoje"]
[Result "1-0"]
[WhiteElo "2477"]
[BlackElo "2123"]
[Annotator "Milojevic,Boban"]
[PlyCount "49"]
[EventDate "2010.??.??"]
[TimeControl "5400"]

1. e4 c6 2. d4 d5 3. e5 Bf5 4. Nf3 e6 5. Be2 Nd7 6. O-O c5 7. c4 Ne7 8. Nc3
dxc4 9. Bxc4 Nc6 10. d5 exd5 11. Bxd5 Nb6 12. Be4 Qxd1 13. Rxd1 Bxe4 14. Nxe4
Rd8 15. Rxd8+ Nxd8 16. Be3 Ne6 17. Rc1 Nd7 18. b4 b6 19. Rc3 Be7 20. Ra3 O-O
21. Rxa7 Rd8 22. bxc5 Bxc5 23. Nxc5 Nxe5 24. Kf1 bxc5 25. Kg1 1-0

[Event " 3rd International Chess Festival Sport "]
[Site "Paracin"]
[Date "2010.07.09"]
[Round "1.9"]
[White "Nesic, Nebojsa"]
[Black "Janev, Evgeni"]
[Result "0-1"]
[WhiteElo "2123"]
[BlackElo "2463"]
[PlyCount "56"]
[EventDate "2010.07.09"]

1. d4 Nf6 2. c4 e6 3. Nc3 b6 4. Nf3 Bb7 5. e3 d6 6. Be2 Nbd7 7. b3 g6 8. Bb2
Bg7 9. Qc2 O-O 10. O-O d5 11. c5 bxc5 12. dxc5 Nxc5 13. Nb5 Na6 14. Be5 Ne4 15.
Rac1 c5 16. Bxg7 Kxg7 17. Qb2+ f6 18. Qa3 Qb6 19. Nc3 Nxc3 20. Rxc3 d4 21. exd4
cxd4 22. Rc4 e5 23. Rfc1 Rad8 24. Ra4 d3 25. Bd1 d2 26. Rc2 Rf7 27. b4 e4 28.
b5 exf3 0-1

[Event " 3rd International Chess Festival Sport "]
[Site "Paracin"]
[Date "2010.07.09"]
[Round "1.10"]
[White "Dochev, Dimitar"]
[Black "Jevtic, Miroljub"]
[Result "1-0"]
[WhiteElo "2430"]
[BlackElo "2116"]
[PlyCount "79"]
[EventDate "2010.07.09"]

1. e4 e5 2. Nf3 Nc6 3. d4 exd4 4. Nxd4 Bc5 5. Be3 Qf6 6. c3 Nxd4 7. cxd4 Bb4+
8. Nc3 Qc6 9. Qc2 Bxc3+ 10. bxc3 d5 11. Qb3 a6 12. exd5 Qg6 13. c4 Nf6 14. Bd3
Qh5 15. Qb4 b5 16. Qc5 bxc4 17. Bxc4 Bd7 18. f3 Qh4+ 19. Bf2 Qf4 20. O-O Qd6
21. Rfe1+ Kd8 22. Bg3 Qxc5 23. dxc5 Bb5 24. Bb3 Ra7 25. a4 Bd7 26. Bc4 Re8 27.
Reb1 Re3 28. c6 Rc3 29. Rb8+ Bc8 30. Bf1 Rc2 31. Bf2 Rxf2 32. Kxf2 Ne8 33. Re1
Nd6 34. a5 f5 35. Bd3 g6 36. g4 f4 37. h4 Nf7 38. h5 Nd6 39. hxg6 hxg6 40. Bxg6
1-0

[Event " 3rd International Chess Festival Sport "]
[Site "Paracin"]
[Date "2010.07.09"]
[Round "1.11"]
[White "Jefic, Srdjan"]
[Black "Tosic, Miroslav"]
[Result "1/2-1/2"]
[WhiteElo "2110"]
[BlackElo "2423"]
[PlyCount "116"]
[EventDate "2010.07.09"]

1. e4 Nc6 2. Nc3 e5 3. Nf3 Nf6 4. Bb5 Bb4 5. O-O O-O 6. d3 Re8 7. Bg5 Bxc3 8.
bxc3 h6 9. Bh4 d6 10. h3 Bd7 11. Nh2 g5 12. Bg3 Ne7 13. Bxd7 Qxd7 14. Qf3 Kg7
15. Rfe1 Ng6 16. Nf1 g4 17. hxg4 Qxg4 18. Qxg4 Nxg4 19. Ne3 Nxe3 20. Rxe3 h5
21. Rf1 f5 22. exf5 Ne7 23. Rf3 Rf8 24. f6+ Rxf6 25. Rxf6 Kxf6 26. Bh4+ Ke6 27.
Bxe7 Kxe7 28. f4 Rf8 29. fxe5 Rxf1+ 30. Kxf1 dxe5 31. Kf2 Kf6 32. Kf3 Kf5 33.
g3 b5 34. Ke3 a5 35. Kf3 c5 36. Ke3 Kg4 37. Kf2 Kh3 38. Kf3 b4 39. c4 a4 40.
Kf2 Kh2 41. Kf3 Kg1 42. Ke4 Kf2 43. Kxe5 Kxg3 44. d4 cxd4 45. Kxd4 h4 46. c5 h3
47. c6 h2 48. c7 h1=Q 49. c8=Q Qd1+ 50. Ke3 Qf3+ 51. Kd2 Qd5+ 52. Kc1 Qg5+ 53.
Kd1 Qh5+ 54. Kd2 Qd5+ 55. Kc1 Qh1+ 56. Kd2 Qg2+ 57. Kd1 Qf3+ 58. Kd2 Qd5+
1/2-1/2

[Event " 3rd International Chess Festival Sport "]
[Site "Paracin"]
[Date "2010.07.09"]
[Round "1.12"]
[White "Zlatanovic, Boroljub"]
[Black "Grkovic, Milan"]
[Result "1-0"]
[WhiteElo "2422"]
[BlackElo "2105"]
[PlyCount "69"]
[EventDate "2010.07.09"]

1. e4 e5 2. Nf3 Nc6 3. Bc4 Be7 4. d4 exd4 5. Nxd4 d6 6. O-O Nf6 7. Nc3 O-O 8.
Re1 Nxd4 9. Qxd4 c6 10. Bf4 b5 11. Bf1 c5 12. Qd2 b4 13. Nd5 Nxd5 14. Qxd5 Be6
15. Qh5 Qb6 16. Rad1 Rad8 17. b3 a5 18. Re3 g6 19. Qh6 Bf6 20. Red3 Bd4 21. h4
Bg4 22. R1d2 d5 23. Rxd4 cxd4 24. Be5 f6 25. Bxd4 Qd6 26. exd5 Rfe8 27. f3 Bd7
28. h5 Qf8 29. Qf4 Re1 30. hxg6 hxg6 31. Kf2 Rde8 32. Bxf6 Qc5+ 33. Bd4 Rxf1+
34. Kxf1 Qe7 35. Qg3 1-0

[Event " 3rd International Chess Festival Sport "]
[Site "Paracin"]
[Date "2010.07.09"]
[Round "1.13"]
[White "Jovanovic, Bojan P"]
[Black "Jerez Perez, Alfonso"]
[Result "0-1"]
[WhiteElo "2105"]
[BlackElo "2415"]
[PlyCount "71"]
[EventDate "2010.07.09"]

1. d4 Nf6 2. Nf3 g6 3. Bf4 Bg7 4. e3 O-O 5. Nbd2 b6 6. Be2 Bb7 7. h3 c5 8. c3
Nc6 9. O-O d6 10. Re1 Re8 11. Bh2 a6 12. a4 Rc8 13. Qb1 Qc7 14. b4 cxb4 15.
cxb4 Nd5 16. Bc4 Ndxb4 17. Ng5 e6 18. Nde4 Rcd8 19. Rc1 Qe7 20. Bxd6 Rxd6 21.
Nxd6 Qxd6 22. Ne4 Qe7 23. Ra3 Rd8 24. Rac3 h6 25. Be2 e5 26. d5 Rxd5 27. Bf3
Rd7 28. Ng3 e4 29. Bxe4 Bxc3 30. Rxc3 Qf6 31. Qb3 a5 32. Bf3 Qf5 33. Rc1 Ne7
34. Bg4 Rd3 35. Qc4 Qd5 36. Qc7 0-1

[Event " 3rd International Chess Festival Sport "]
[Site "Paracin"]
[Date "2010.07.09"]
[Round "1.14"]
[White "Pakhomov, Alexey"]
[Black "Mladenovic, Stefan"]
[Result "1-0"]
[WhiteElo "2412"]
[BlackElo "2103"]
[PlyCount "107"]
[EventDate "2010.07.09"]

1. Nc3 c5 2. e4 Nc6 3. g3 g6 4. d3 Bg7 5. Be3 d6 6. Bg2 Nf6 7. Qd2 O-O 8. Bh6
Rb8 9. h4 Bxh6 10. Qxh6 Nd4 11. O-O-O Ng4 12. Qd2 h5 13. f3 Nf6 14. g4 hxg4 15.
h5 Kg7 16. hxg6 Rh8 17. Rxh8 Qxh8 18. gxf7 gxf3 19. Nxf3 Nxf3 20. Bxf3 Kxf7 21.
Rh1 Qg7 22. Nd5 b6 23. Qf4 Be6 24. Nxf6 Qxf6 25. Rh7+ Kf8 26. Qxf6+ exf6 27.
Rxa7 b5 28. Kd2 Rd8 29. a3 Rb8 30. Ke3 f5 31. exf5 Bxf5 32. Bd5 Bg6 33. Kf4 c4
34. Kg5 cxd3 35. Kxg6 dxc2 36. Rc7 b4 37. Rxc2 bxa3 38. Rf2+ Ke8 39. bxa3 Rb1
40. a4 Rg1+ 41. Kf5 Kd7 42. Ke4 Kc7 43. a5 Re1+ 44. Kd4 Rd1+ 45. Kc4 Ra1 46.
Rf7+ Kb8 47. Kb5 Rb1+ 48. Ka6 Ra1 49. Bc6 d5 50. Kb6 Rb1+ 51. Bb5 Rc1 52. Rf8+
Rc8 53. Rxc8+ Kxc8 54. a6 1-0

[Event " 3rd International Chess Festival Sport "]
[Site "Paracin"]
[Date "2010.07.09"]
[Round "1.16"]
[White "Pancevski, Filip"]
[Black "Pantic, Bojan"]
[Result "1-0"]
[WhiteElo "2402"]
[BlackElo "2084"]
[PlyCount "103"]
[EventDate "2010.07.09"]

1. e4 Nf6 2. e5 Nd5 3. Nf3 d6 4. c4 Nb6 5. d4 Bg4 6. exd6 Qxd6 7. Be2 Bxf3 8.
Bxf3 Nc6 9. c5 Qe6+ 10. Be3 Nd5 11. Qb3 Nxe3 12. fxe3 Nxd4 13. Qxe6 Nxf3+ 14.
gxf3 fxe6 15. Nc3 g6 16. Ne4 Bh6 17. Ke2 O-O-O 18. b4 c6 19. a4 Rd5 20. b5 Kc7
21. Rab1 Rhd8 22. Rb3 b6 23. Re1 cxb5 24. Rxb5 Kb7 25. Reb1 Kc6 26. Rc1 Kb7 27.
h3 Bg7 28. Rb3 Rc8 29. a5 Rc6 30. Rcb1 b5 31. Rxb5+ Ka6 32. Rb7 Bf6 33. R1b3
Rcxc5 34. Nxc5+ Rxc5 35. Rd7 Rxa5 36. Rc7 Ra4 37. Rc6+ Ka5 38. Rxe6 Ra2+ 39.
Kd3 Ka4 40. Rb7 a5 41. Ra6 Ra3+ 42. Ke4 Rc3 43. f4 h5 44. Raa7 g5 45. Rc7 Rb3
46. Rc5 Bc3 47. fxg5 Bd2 48. Rc2 Bc3 49. Rxe7 Ka3 50. g6 Ba1 51. Rc5 a4 52.
Rxh5 1-0

[Event " 3rd International Chess Festival Sport "]
[Site "Paracin"]
[Date "2010.07.09"]
[Round "1.17"]
[White "Radovanovic, Nikola"]
[Black "Ardeleanu, Alin"]
[Result "0-1"]
[WhiteElo "2070"]
[BlackElo "2399"]
[PlyCount "102"]
[EventDate "2010.07.09"]

1. e4 g6 2. Bc4 Bg7 3. d4 c6 4. Qf3 d5 5. exd5 Nf6 6. Ne2 cxd5 7. Bb5+ Nc6 8.
h3 O-O 9. O-O Qb6 10. Bxc6 bxc6 11. Nd2 c5 12. c3 cxd4 13. cxd4 Ba6 14. Nb3 Ne4
15. Rd1 Bc4 16. Bd2 a5 17. Bc3 Bxb3 18. axb3 Qxb3 19. Bxa5 Qb5 20. Nc3 Nxc3 21.
Bxc3 e6 22. Qe3 Qb3 23. Qe1 Rfc8 24. Rxa8 Rxa8 25. Ra1 Rc8 26. Qd2 Qc4 27. Ra7
Bf6 28. Qd1 Kg7 29. Qa4 Qxa4 30. Rxa4 Rc4 31. Rxc4 dxc4 32. Kf1 Kf8 33. Ke2 Ke7
34. Bb4+ Kd7 35. Ke3 Kc6 36. Ke4 Bg7 37. f4 f5+ 38. Ke3 Kd5 39. Bc5 Bf6 40. Bb6
h5 41. g3 g5 42. Ba7 Bd8 43. Bb8 g4 44. hxg4 fxg4 45. Be5 h4 46. gxh4 Bxh4 47.
Bg7 Bg3 48. Be5 Bh2 49. Kf2 Ke4 50. f5 Bxe5 51. fxe6 Bd6 0-1

[Event " 3rd International Chess Festival Sport "]
[Site "Paracin"]
[Date "2010.07.09"]
[Round "1.20"]
[White "Andrijevic, Milan"]
[Black "Minic, Miroslav"]
[Result "1-0"]
[WhiteElo "2375"]
[BlackElo "2048"]
[PlyCount "86"]
[EventDate "2010.07.09"]

1. e4 e5 2. Nf3 Nf6 3. Nxe5 d6 4. Nf3 Nxe4 5. d3 Nf6 6. d4 d5 7. c4 Bg4 8. Nc3
Bb4 9. Be2 O-O 10. O-O dxc4 11. Qa4 Qe7 12. Bxc4 Bxf3 13. gxf3 c6 14. Qb3 Rd8
15. Bg5 b5 16. Bd3 Rxd4 17. Rfe1 Qd6 18. Bxf6 gxf6 19. Re8+ Kg7 20. Be4 Qd7 21.
Ne2 Rc4 22. Rxb8 Rxb8 23. Ng3 Rg8 24. Kh1 Kh8 25. Nf5 Qe6 26. Qd3 Ba5 27. Rg1
Bc7 28. Rxg8+ Kxg8 29. Qf1 Bf4 30. Qh3 Rc1+ 31. Kg2 Qc4 32. Qg4+ Bg5 33. Ne3
Qe6 34. Qg3 Kf8 35. Qb8+ Qe8 36. Qd6+ Qe7 37. Qb8+ Qe8 38. Qd6+ Kg8 39. Nf5 Rc4
40. Ne7+ Kg7 41. h4 Bc1 42. Nf5+ Kg6 43. h5+ Kxh5 1-0

[Event " 3rd International Chess Festival Sport "]
[Site "Paracin"]
[Date "2010.07.09"]
[Round "1.21"]
[White "Vucinic, Gojko"]
[Black "Panic, Nenad"]
[Result "1-0"]
[WhiteElo "2038"]
[BlackElo "2371"]
[PlyCount "71"]
[EventDate "2010.07.09"]

1. e4 g6 2. d4 Bg7 3. Nc3 c5 4. Be3 Qa5 5. Nge2 b5 6. dxc5 b4 7. Nd5 e6 8. Bd4
Kf8 9. Bxg7+ Kxg7 10. Qd4+ f6 11. Qxb4 Qd8 12. Ne3 Na6 13. Qc3 Qc7 14. b4 Qb7
15. Rb1 Qxe4 16. Ng3 Qf4 17. b5 Rb8 18. Rb3 Nc7 19. Rb4 Nd5 20. Rxf4 Nxc3 21.
Rc4 Nxa2 22. Kd2 a5 23. Ra4 Nb4 24. Rxa5 Nd5 25. Nxd5 exd5 26. Bd3 Ne7 27. Ne2
Bb7 28. Nd4 Rhc8 29. Re1 Kf8 30. b6 Bc6 31. Rea1 Bb7 32. Ra7 Rxc5 33. Ba6 Bxa6
34. R1xa6 Nc8 35. Ra8 Rb7 36. Nb3 1-0

[Event " 3rd International Chess Festival Sport "]
[Site "Paracin"]
[Date "2010.07.09"]
[Round "1.23"]
[White "Bulatovic, Ilija"]
[Black "Kiroski, Toni"]
[Result "0-1"]
[WhiteElo "2032"]
[BlackElo "2362"]
[PlyCount "50"]
[EventDate "2010.07.09"]

1. e4 c5 2. Nf3 d6 3. d4 cxd4 4. Nxd4 Nf6 5. Nc3 Nc6 6. Be3 Ng4 7. Nd5 Nxe3 8.
Nxe3 g6 9. Bc4 Bg7 10. c3 Nxd4 11. cxd4 Qa5+ 12. Ke2 Qb6 13. Nc2 Qxb2 14. Qd3
Qb6 15. Bb5+ Kf8 16. Rab1 d5 17. exd5 Bf5 18. Qd2 Qd6 19. Bd3 Bxd3+ 20. Qxd3
Qxd5 21. f3 Qxa2 22. Rxb7 Rc8 23. Kd1 Bf6 24. Re1 Kg7 25. g4 Rhd8 0-1

[Event " 3rd International Chess Festival Sport "]
[Site "Paracin"]
[Date "2010.07.09"]
[Round "1.25"]
[White "Jaklin, Damir"]
[Black "Brankovic, Dejan"]
[Result "0-1"]
[WhiteElo "2021"]
[BlackElo "2352"]
[PlyCount "58"]
[EventDate "2010.07.09"]

1. d4 Nf6 2. c4 e6 3. Nc3 Bb4 4. Qc2 c5 5. dxc5 Na6 6. Nf3 Nxc5 7. a3 Bxc3+ 8.
Qxc3 O-O 9. Bg5 Nce4 10. Bxf6 Nxf6 11. e3 d6 12. Nd2 b6 13. Be2 Bb7 14. O-O Rc8
15. Qd4 e5 16. Qh4 d5 17. Rfd1 Qe7 18. Rac1 h6 19. cxd5 Bxd5 20. Qb4 Qe6 21.
Ba6 Rcd8 22. Bc4 Rd7 23. Bb5 Rd6 24. Bc4 Rfd8 25. Be2 a5 26. Qh4 Bxg2 27. Nf3
Rxd1+ 28. Rxd1 Rxd1+ 29. Bxd1 Bxf3 0-1